[Event "2. Bundesliga West 2005/2006"]
[Site "AUT"]
[Date "2005.10.08"]
[Round "1"]
[White "Astl, Peter"]
[Black "Webersberger, Johann"]
[Result "0-1"]
[WhiteElo "2280"]
[BlackElo "2258"]
[PlyCount "92"]
[EventDate "2005.10.??"]
[EventType "team"]
[EventRounds "11"]
[EventCountry "AUT"]
[WhiteTeam "Woergl IV"]
[BlackTeam "Ranshofen IX"]
[WhiteTeamCountry "AUT"]
[BlackTeamCountry "AUT"]

1. Nf3 Nf6 2. d4 g6 3. Bf4 Bg7 4. e3 d6 5. h3 c5 6. c3 cxd4 7. cxd4 O-O 8. Nc3
Bf5 9. Be2 Qb6 10. Qd2 Nc6 11. O-O Ne4 12. Nxe4 Bxe4 13. Ng5 Bf5 14. d5 Qb4 15.
e4 Qxd2 16. Bxd2 Nd4 17. Bd3 Bd7 18. Kh2 Rfc8 19. f4 Bb5 20. Bxb5 Nxb5 21. a4
Rc2 22. Nf3 Nd4 23. Bc3 Nxf3+ 24. Rxf3 Bxc3 25. bxc3 Rc8 26. Ra3 Re2 27. Rb3 b6
28. Rb4 Rc2 29. a5 bxa5 30. Rb7 Kf8 31. Rxa7 R8xc3 32. Rxc3 Rxc3 33. Ra8+ Kg7
34. Ra7 Kf6 35. e5+ dxe5 36. fxe5+ Kxe5 37. Rxe7+ Kxd5 38. Rxf7 a4 39. Rxh7 a3
40. Ra7 Kc4 41. Ra6 Kb3 42. Rxg6 a2 43. Ra6 Kb2 44. Rxa2+ Kxa2 45. h4 Kb3 46.
h5 Kc4 0-1

[Event "2. Bundesliga West 2005/2006"]
[Site "AUT"]
[Date "2005.10.08"]
[Round "1"]
[White "Bertagnolli, Alexander"]
[Black "Hackbarth, Wolfgang"]
[Result "1-0"]
[WhiteElo "2281"]
[BlackElo "2135"]
[PlyCount "43"]
[EventDate "2005.10.??"]
[EventType "team"]
[EventRounds "11"]
[EventCountry "AUT"]
[WhiteTeam "Woergl IV"]
[BlackTeam "Ranshofen IX"]
[WhiteTeamCountry "AUT"]
[BlackTeamCountry "AUT"]

1. d4 Nf6 2. Nf3 g6 3. g3 Bg7 4. Bg2 c5 5. O-O cxd4 6. Nxd4 Nc6 7. Nxc6 bxc6 8.
c4 O-O 9. c5 Ba6 10. Qc2 Qa5 11. Na3 Nd5 12. Bd2 Qc7 13. Rfe1 Rab8 14. Rab1 Qe5
15. e4 Rxb2 16. Rxb2 Qxb2 17. exd5 Qxa3 18. Re3 Qb2 19. Qxb2 Bxb2 20. Rxe7 Bf6
21. Rxd7 Rb8 22. h4 1-0

[Event "2. Bundesliga West 2005/2006"]
[Site "AUT"]
[Date "2005.10.08"]
[Round "1"]
[White "Medvegy, Zoltan"]
[Black "Halasz, Tamas"]
[Result "1-0"]
[WhiteElo "2478"]
[BlackElo "2376"]
[PlyCount "79"]
[EventDate "2005.10.??"]
[EventType "team"]
[EventRounds "11"]
[EventCountry "AUT"]
[WhiteTeam "Ranshofen IX"]
[BlackTeam "Woergl IV"]
[WhiteTeamCountry "AUT"]
[BlackTeamCountry "AUT"]

1. c4 e6 2. Nf3 Nf6 3. g3 d5 4. d4 dxc4 5. Bg2 Bd7 6. Nbd2 Bc6 7. Nxc4 Be7 8.
O-O O-O 9. Bf4 Bd5 10. Rc1 c5 11. dxc5 Bxc5 12. a3 Nc6 13. Ne3 Bxe3 14. Bxe3
Qd7 15. Qa4 b6 16. Rfd1 Rac8 17. Bg5 Ne5 18. Qxd7 Nexd7 19. Nd4 Bxg2 20. Kxg2
Ne4 21. Be7 Rxc1 22. Rxc1 Re8 23. f3 Rxe7 24. Rc8+ Nf8 25. fxe4 g5 26. b4 Kg7
27. Nc6 Rd7 28. Ra8 Ng6 29. Rxa7 Rd2 30. Kf2 Rc2 31. Nd4 Rc4 32. Nxe6+ Kf6 33.
Nc7 Rxe4 34. Nd5+ Kf5 35. Ne3+ Kf6 36. Ra6 Ne5 37. Rxb6+ Ke7 38. a4 Kd7 39. a5
Nc6 40. a6 1-0

[Event "2. Bundesliga West 2005/2006"]
[Site "AUT"]
[Date "2005.10.09"]
[Round "2"]
[White "Eiler, Gebhard"]
[Black "Loeffler, Christoph"]
[Result "1/2-1/2"]
[WhiteElo "2096"]
[BlackElo "2177"]
[PlyCount "53"]
[EventDate "2005.10.??"]
[EventType "team"]
[EventRounds "11"]
[EventCountry "AUT"]
[WhiteTeam "Lochau XII"]
[BlackTeam "ASK Salzburg XI"]
[WhiteTeamCountry "AUT"]
[BlackTeamCountry "AUT"]

1. d4 d5 2. Nf3 Nf6 3. Bg5 e6 4. e3 Be7 5. Bd3 O-O 6. Nbd2 c5 7. c3 Nbd7 8. Ne5
Nxe5 9. dxe5 Nd7 10. Bf4 f5 11. h4 c4 12. Bc2 Nc5 13. Nf3 b5 14. Nd4 Bd7 15. g4
g6 16. gxf5 gxf5 17. Bh6 Rf7 18. Qh5 Qe8 19. Nf3 Bf8 20. Rg1+ Kh8 21. Ke2 Bxh6
22. Qxh6 Qf8 23. Qf4 Rg7 24. Rxg7 Qxg7 25. Rg1 Qf7 26. Qh6 Rg8 27. Rxg8+
1/2-1/2

[Event "2. Bundesliga West 2005/2006"]
[Site "AUT"]
[Date "2005.10.09"]
[Round "2"]
[White "Ladner, Peter"]
[Black "Besner, Bernhard"]
[Result "1/2-1/2"]
[WhiteElo "2038"]
[BlackElo "2116"]
[PlyCount "86"]
[EventDate "2005.10.??"]
[EventType "team"]
[EventRounds "11"]
[EventCountry "AUT"]
[WhiteTeam "Lochau XII"]
[BlackTeam "ASK Salzburg XI"]
[WhiteTeamCountry "AUT"]
[BlackTeamCountry "AUT"]

1. e4 d5 2. exd5 Qxd5 3. Nc3 Qa5 4. d3 Nf6 5. Nf3 Bg4 6. Be2 e6 7. Nd4 Bb4 8.
Bd2 Qe5 9. f4 Qxd4 10. Bxg4 Nxg4 11. Qxg4 Nd7 12. O-O-O O-O-O 13. Rhe1 h5 14.
Qf3 Nf6 15. h3 Bxc3 16. Bxc3 Qd5 17. Qxd5 Nxd5 18. Bd2 g6 19. a3 Rhe8 20. Re2
a6 21. Rde1 Kd7 22. b3 Kc8 23. Kb2 Rd7 24. Kc1 Ne7 25. g4 hxg4 26. hxg4 Rh8 27.
Rg2 Rh3 28. Ree2 Rd8 29. f5 Rh1+ 30. Kb2 gxf5 31. Bg5 Re8 32. Bxe7 Rxe7 33.
gxf5 Rh6 34. Re4 Rf6 35. fxe6 Rexe6 36. Rxe6 Rxe6 37. Rf2 f6 38. d4 Kd7 39. d5
Re5 40. c4 c6 41. Kc3 cxd5 42. cxd5 Ke7 43. Kd4 b6 1/2-1/2

[Event "2. Bundesliga West 2005/2006"]
[Site "AUT"]
[Date "2005.10.09"]
[Round "2"]
[White "Teufl, Siegfried"]
[Black "Mayr, Manfred"]
[Result "1-0"]
[WhiteElo "2184"]
[BlackElo "2141"]
[PlyCount "58"]
[EventDate "2005.10.??"]
[EventType "team"]
[EventRounds "11"]
[EventCountry "AUT"]
[WhiteTeam "ASK Salzburg XI"]
[BlackTeam "Lochau XII"]
[WhiteTeamCountry "AUT"]
[BlackTeamCountry "AUT"]

1. e4 d6 2. d4 Nf6 3. Bd3 g6 4. Ne2 Bg7 5. f4 c5 6. c3 cxd4 7. cxd4 Qb6 8. Nbc3
Nc6 9. Na4 Qa5+ 10. Bd2 Qh5 11. d5 Nb8 12. Nac3 a6 13. Be3 Ng4 14. Bd4 Bxd4 15.
Nxd4 Qh4+ 16. g3 Qf6 17. Qd2 Nd7 18. Be2 h5 19. h3 Nh6 20. Qe3 O-O 21. O-O-O
Kh7 22. g4 Qh8 23. gxh5 gxh5 24. Nf3 f6 25. Rdg1 Rg8 26. Nh4 Nf8 27. Bxh5 Bd7
28. Rxg8 Nxg8 29. Rg1 e6 1-0

[Event "2. Bundesliga West 2005/2006"]
[Site "AUT"]
[Date "2005.10.09"]
[Round "2"]
[White "Gruber, Michael"]
[Black "Schiestl, Josef"]
[Result "1/2-1/2"]
[WhiteElo "2134"]
[BlackElo "2157"]
[PlyCount "44"]
[EventDate "2005.10.??"]
[EventType "team"]
[EventRounds "11"]
[EventCountry "AUT"]
[WhiteTeam "Absam"]
[BlackTeam "Zillertal II"]
[WhiteTeamCountry "AUT"]
[BlackTeamCountry "AUT"]

1. e4 c5 2. Nf3 Nc6 3. d4 cxd4 4. Nxd4 e5 5. Nb5 d6 6. N1c3 a6 7. Na3 b5 8. Nd5
Nf6 9. Bg5 Be7 10. Bxf6 Bxf6 11. c3 O-O 12. Nc2 Bg5 13. a4 bxa4 14. Rxa4 a5 15.
Bb5 Ne7 16. Nce3 Be6 17. Nxe7+ Qxe7 18. Nd5 Qb7 19. c4 Bxd5 20. Qxd5 Qxd5 21.
exd5 Bd8 22. Ke2 Bb6 1/2-1/2

[Event "2. Bundesliga West 2005/2006"]
[Site "AUT"]
[Date "2005.10.09"]
[Round "2"]
[White "Kroell, Johannes"]
[Black "Ferrari, Josef"]
[Result "1/2-1/2"]
[WhiteElo "2191"]
[BlackElo "2156"]
[PlyCount "26"]
[EventDate "2005.10.??"]
[EventType "team"]
[EventRounds "11"]
[EventCountry "AUT"]
[WhiteTeam "Zillertal II"]
[BlackTeam "Absam"]
[WhiteTeamCountry "AUT"]
[BlackTeamCountry "AUT"]

1. b3 Nf6 2. Bb2 g6 3. e4 d6 4. f4 Bg7 5. Nf3 O-O 6. d3 c5 7. g3 Nc6 8. Bg2 Ng4
9. Bxg7 Ne3 10. Qd2 Nxg2+ 11. Qxg2 Kxg7 12. O-O Bg4 13. h3 Bxf3 1/2-1/2

[Event "2. Bundesliga West 2005/2006"]
[Site "AUT"]
[Date "2005.10.09"]
[Round "2"]
[White "Lanka, Zigurds"]
[Black "Luther, Thomas"]
[Result "1/2-1/2"]
[WhiteElo "2510"]
[BlackElo "2569"]
[PlyCount "92"]
[EventDate "2005.10.??"]
[EventType "team"]
[EventRounds "11"]
[EventCountry "AUT"]
[WhiteTeam "Zillertal II"]
[BlackTeam "Absam"]
[WhiteTeamCountry "AUT"]
[BlackTeamCountry "AUT"]

1. e4 e6 2. d4 d5 3. Nc3 Nf6 4. Bg5 dxe4 5. Nxe4 Be7 6. Bxf6 gxf6 7. Bd3 f5 8.
Nc3 Bf6 9. Nge2 a6 10. O-O Nc6 11. d5 exd5 12. Ng3 f4 13. Nh5 Bxc3 14. bxc3 Qg5
15. Qf3 Be6 16. Nxf4 O-O-O 17. Rfe1 Rde8 18. Rab1 h5 19. Nxe6 fxe6 20. c4 Ne5
21. Qe2 Nxd3 22. cxd3 Rhg8 23. f3 dxc4 24. dxc4 Qc5+ 25. Kh1 Qc6 26. Qf2 Kb8
27. Re4 Rg5 28. Qe2 Ra5 29. h3 b6 30. Re5 Rc5 31. Rxc5 Qxc5 32. Rd1 Qg5 33. f4
Qf5 34. c5 Qxc5 35. Qxa6 Qc2 36. Re1 Rf8 37. Qa3 Rxf4 38. Rxe6 Qa4 39. Qd3 Rd4
40. Qg3 Rd1+ 41. Kh2 Qd4 42. Re8+ Kb7 43. Qf3+ Qd5 44. Qa3 Qd6+ 45. Qxd6 Rxd6
46. Re5 h4 1/2-1/2

[Event "2. Bundesliga West 2005/2006"]
[Site "AUT"]
[Date "2005.10.09"]
[Round "2"]
[White "Pilz, Dieter"]
[Black "Tabernig, Bernhard"]
[Result "1/2-1/2"]
[WhiteElo "2331"]
[BlackElo "2324"]
[PlyCount "33"]
[EventDate "2005.10.??"]
[EventType "team"]
[EventRounds "11"]
[EventCountry "AUT"]
[WhiteTeam "Absam"]
[BlackTeam "Zillertal II"]
[WhiteTeamCountry "AUT"]
[BlackTeamCountry "AUT"]

1. Nf3 d5 2. d4 Nf6 3. c4 e6 4. Nc3 dxc4 5. e3 a6 6. a4 c5 7. Bxc4 Nc6 8. O-O
cxd4 9. exd4 Nb4 10. Bg5 h6 11. Bxf6 Qxf6 12. d5 exd5 13. Nxd5 Nxd5 14. Bxd5
Be7 15. Qb3 O-O 16. Rad1 Rb8 17. Nd2 1/2-1/2

[Event "2. Bundesliga West 2005/2006"]
[Site "AUT"]
[Date "2005.10.09"]
[Round "2"]
[White "Teske, Henrik"]
[Black "Gross, David"]
[Result "1-0"]
[WhiteElo "2487"]
[BlackElo "2467"]
[PlyCount "123"]
[EventDate "2005.10.??"]
[EventType "team"]
[EventRounds "11"]
[EventCountry "AUT"]
[WhiteTeam "Absam"]
[BlackTeam "Zillertal II"]
[WhiteTeamCountry "AUT"]
[BlackTeamCountry "AUT"]

1. e4 c5 2. Nf3 d6 3. d4 cxd4 4. Nxd4 Nf6 5. f3 e5 6. Nb3 Be7 7. c4 O-O 8. Be3
Nc6 9. Nc3 a5 10. Be2 a4 11. Nd2 Qa5 12. Rc1 a3 13. b3 Bd8 14. Nb5 Bb6 15. Bxb6
Qxb6 16. Nb1 Be6 17. Qd2 Nh5 18. g3 f5 19. exf5 Bxf5 20. N1c3 Nf6 21. Na4 Rxa4
22. bxa4 Nd4 23. Nxd4 exd4 24. Rd1 d3 25. Bxd3 Bxd3 26. Qxd3 Re8+ 27. Kf1 Re3
28. Qd4 Rxf3+ 29. Ke2 Qc6 30. Rhf1 Rxf1 31. Rxf1 Qxa4 32. Rd1 b5 33. cxb5 Qxb5+
34. Kf2 Qh5 35. Kg1 Qe2 36. Qd2 Qe5 37. Re1 Qc5+ 38. Qe3 Qa5 39. Rb1 h5 40.
Qe6+ Kh7 41. Qxd6 Qc3 42. Qe6 Qc5+ 43. Kh1 Qf2 44. Re1 Kh8 45. Qe2 Qd4 46. Rd1
Qb6 47. Qf3 Ng4 48. Re1 Qb5 49. Kg2 Qd7 50. Re2 Qb5 51. Rd2 Qa5 52. Rd3 Kh7 53.
h3 Nf6 54. Rxa3 Qd2+ 55. Qf2 Qd5+ 56. Rf3 Ne4 57. Qe2 g5 58. Rd3 Qa8 59. Qxh5+
Kg7 60. Rd7+ Kf6 61. Qf3+ Ke6 62. Rd2 1-0

[Event "2. Bundesliga West 2005/2006"]
[Site "AUT"]
[Date "2005.10.09"]
[Round "2"]
[White "Deglmann, Ludwig"]
[Black "Weindl, Alfred"]
[Result "1-0"]
[WhiteElo "2378"]
[BlackElo "2352"]
[PlyCount "62"]
[EventDate "2005.10.??"]
[EventType "team"]
[EventRounds "11"]
[EventCountry "AUT"]
[WhiteTeam "Innsbruck Rochade III"]
[BlackTeam "Bregenz X"]
[WhiteTeamCountry "AUT"]
[BlackTeamCountry "AUT"]

1. d4 Nf6 2. Nf3 g6 3. Bf4 Bg7 4. e3 d6 5. h3 O-O 6. Be2 Nbd7 7. O-O Kh8 8. Bh2
Ng8 9. c4 e5 10. Nc3 f5 11. Rc1 a5 12. Nb5 Ra6 13. c5 dxc5 14. dxe5 Rc6 15. e6
Rxe6 16. Bxc7 Qf6 17. Bc4 Rc6 18. Bxa5 Qe7 19. Bc7 Ne5 20. Nxe5 Bxe5 21. Bxe5+
Qxe5 22. Qb3 Rb6 23. f4 Qg7 24. Bxg8 Rxg8 25. Rxc5 Bd7 26. a4 Bc6 27. a5 Ra6
28. Nd4 Be4 29. Rfc1 Rd6 30. Rc7 Rd7 31. Ne6 Rxc7 1-0

[Event "2. Bundesliga West 2005/2006"]
[Site "AUT"]
[Date "2005.10.09"]
[Round "2"]
[White "Gatterer, Florian"]
[Black "Herbrechtsmeier, Christof"]
[Result "1/2-1/2"]
[WhiteElo "2178"]
[BlackElo "2286"]
[PlyCount "93"]
[EventDate "2005.10.??"]
[EventType "team"]
[EventRounds "11"]
[EventCountry "AUT"]
[WhiteTeam "Innsbruck Rochade III"]
[BlackTeam "Bregenz X"]
[WhiteTeamCountry "AUT"]
[BlackTeamCountry "AUT"]

1. e4 c5 2. Nf3 e6 3. d4 cxd4 4. Nxd4 a6 5. Bd3 Bc5 6. Nb3 Ba7 7. Nc3 Nc6 8.
O-O Qh4 9. Qe2 Nf6 10. h3 d6 11. Be3 b5 12. Bxa7 Rxa7 13. Qe3 Rb7 14. a4 b4 15.
Ne2 Rb8 16. Ned4 Nxd4 17. Qxd4 d5 18. Qe5 Nd7 19. Qxg7 Qf6 20. Qxf6 Nxf6 21.
Nc5 a5 22. exd5 Nxd5 23. Be4 Nf6 24. Bf3 Rg8 25. h4 Nd7 26. Bc6 Rb6 27. Bxd7+
Bxd7 28. Nxd7 Kxd7 29. Rad1+ Ke7 30. Rfe1 Rc6 31. Rd2 Rc4 32. Re5 Rgc8 33. Rxa5
Rxc2 34. Ra7+ Kf6 35. Rdd7 Rf8 36. b3 Rc3 37. a5 Rxb3 38. a6 Ra3 39. Rdb7 b3
40. Kh2 Ke5 41. Rxf7 Rxa6 42. Rxa6 Rxf7 43. Rb6 Rxf2 44. Rxb3 Rf7 45. Re3+ Kd5
46. g4 e5 47. Kg3 1/2-1/2

[Event "2. Bundesliga West 2005/2006"]
[Site "AUT"]
[Date "2005.10.09"]
[Round "2"]
[White "Heilinger, Dietmar"]
[Black "Blaas, Hansjoerg"]
[Result "0-1"]
[WhiteElo "2146"]
[BlackElo "2231"]
[PlyCount "44"]
[EventDate "2005.10.??"]
[EventType "team"]
[EventRounds "11"]
[EventCountry "AUT"]
[WhiteTeam "Bregenz X"]
[BlackTeam "Innsbruck Rochade III"]
[WhiteTeamCountry "AUT"]
[BlackTeamCountry "AUT"]

1. e4 c5 2. c3 d5 3. exd5 Qxd5 4. d4 Nc6 5. Nf3 e5 6. Nxe5 Nxe5 7. dxe5 Qxe5+
8. Be3 Bd7 9. Na3 Nf6 10. Qb3 Be7 11. O-O-O O-O 12. Bb5 Bg4 13. Rde1 a6 14. Be2
b5 15. Bxg4 Nxg4 16. Qd1 Nxe3 17. fxe3 b4 18. Nc4 Qe6 19. Qe2 bxc3 20. bxc3 a5
21. a4 Rfb8 22. Kc2 Qe4+ 0-1

[Event "2. Bundesliga West 2005/2006"]
[Site "AUT"]
[Date "2005.10.09"]
[Round "2"]
[White "Poettinger, Harald"]
[Black "Fuchs, Georg"]
[Result "0-1"]
[WhiteElo "2254"]
[BlackElo "2237"]
[PlyCount "62"]
[EventDate "2005.10.??"]
[EventType "team"]
[EventRounds "11"]
[EventCountry "AUT"]
[WhiteTeam "Bregenz X"]
[BlackTeam "Innsbruck Rochade III"]
[WhiteTeamCountry "AUT"]
[BlackTeamCountry "AUT"]

1. e4 e5 2. Nf3 Nc6 3. Bb5 g6 4. c3 Bg7 5. d4 exd4 6. cxd4 a6 7. Bc4 d6 8. h3
b5 9. Bb3 Na5 10. Bc2 Ne7 11. O-O O-O 12. Nbd2 c5 13. a4 cxd4 14. axb5 axb5 15.
Nb3 Nec6 16. Nbxd4 Nxd4 17. Nxd4 Bxd4 18. Rxa5 Rxa5 19. Qxd4 f6 20. Bd2 Ra6 21.
Bd3 Bd7 22. Bc3 Qb6 23. Qd5+ Kg7 24. g4 h6 25. Bd4 Qc6 26. Qb3 Ra4 27. Be3 Rfa8
28. Rc1 Ra1 29. Bb1 Rxb1 30. Rxb1 Qxe4 31. Rd1 Bc6 0-1

[Event "2. Bundesliga West 2005/2006"]
[Site "AUT"]
[Date "2005.10.09"]
[Round "2"]
[White "Volke, Karsten"]
[Black "Bromberger, Stefan"]
[Result "1/2-1/2"]
[WhiteElo "2473"]
[BlackElo "2478"]
[PlyCount "42"]
[EventDate "2005.10.??"]
[EventType "team"]
[EventRounds "11"]
[EventCountry "AUT"]
[WhiteTeam "Bregenz X"]
[BlackTeam "Innsbruck Rochade III"]
[WhiteTeamCountry "AUT"]
[BlackTeamCountry "AUT"]

1. Nf3 Nf6 2. c4 g6 3. Nc3 Bg7 4. e4 d6 5. d4 O-O 6. Be2 e5 7. O-O Nc6 8. d5
Ne7 9. b4 Nh5 10. Re1 f5 11. Ng5 Nf6 12. Bf3 c6 13. b5 h6 14. Ne6 Bxe6 15. dxe6
fxe4 16. Nxe4 Nxe4 17. Bxe4 d5 18. cxd5 cxd5 19. Ba3 dxe4 20. Qxd8 Rfxd8 21.
Bxe7 Re8 1/2-1/2

[Event "2. Bundesliga West 2005/2006"]
[Site "AUT"]
[Date "2005.10.09"]
[Round "2"]
[White "Atlas, Dimitry"]
[Black "Astl, Peter"]
[Result "1-0"]
[WhiteElo "2330"]
[BlackElo "2280"]
[PlyCount "64"]
[EventDate "2005.10.??"]
[EventType "team"]
[EventRounds "11"]
[EventCountry "AUT"]
[WhiteTeam "Hohenems V"]
[BlackTeam "Woergl IV"]
[WhiteTeamCountry "AUT"]
[BlackTeamCountry "AUT"]

1. e4 c6 2. d4 d5 3. e5 Bf5 4. Nc3 Qc7 5. Nge2 e6 6. Be3 Ne7 7. Nf4 h6 8. g4
Bh7 9. Bg2 Nd7 10. O-O a6 11. Nce2 c5 12. c3 Nc6 13. a3 b5 14. b4 cxd4 15. cxd4
Nb6 16. Rc1 Nc4 17. Nxd5 exd5 18. Bxd5 Qd7 19. Nf4 Rd8 20. Qf3 N4xe5 21. dxe5
Nxe5 22. Qg2 Bd6 23. Nh5 O-O 24. Bxh6 Nxg4 25. Bf3 Bxh2+ 26. Kh1 f5 27. Bxg7
Bg6 28. Bxf8 Be5 29. Bg7 Bxg7 30. Nxg7 Kxg7 31. Qg3 Qd4 32. Kg2 Qb2 1-0

[Event "2. Bundesliga West 2005/2006"]
[Site "AUT"]
[Date "2005.10.09"]
[Round "2"]
[White "Halasz, Tamas"]
[Black "Bezold, Michael"]
[Result "0-1"]
[WhiteElo "2376"]
[BlackElo "2530"]
[PlyCount "64"]
[EventDate "2005.10.??"]
[EventType "team"]
[EventRounds "11"]
[EventCountry "AUT"]
[WhiteTeam "Woergl IV"]
[BlackTeam "Hohenems V"]
[WhiteTeamCountry "AUT"]
[BlackTeamCountry "AUT"]

1. d4 d6 2. Nf3 g6 3. c4 Bg7 4. Nc3 c5 5. dxc5 Bxc3+ 6. bxc3 dxc5 7. Qxd8+ Kxd8
8. Ng5 Ke8 9. g3 Bd7 10. Bg2 Bc6 11. O-O Bxg2 12. Kxg2 Nc6 13. f4 Nf6 14. e4 h6
15. e5 Nd7 16. e6 fxe6 17. Nxe6 Kf7 18. Nc7 Rac8 19. Nd5 Nf6 20. f5 g5 21. h4
Rhg8 22. hxg5 hxg5 23. Ba3 Na5 24. Rae1 Rge8 25. Ne3 b6 26. Kf3 Rcd8 27. Rd1
Rd6 28. Rh1 Red8 29. Rxd6 Rxd6 30. Rh2 Rd3 31. Bc1 Nxc4 32. Rc2 Nxe3 0-1

[Event "2. Bundesliga West 2005/2006"]
[Site "AUT"]
[Date "2005.10.09"]
[Round "2"]
[White "Neuschmied, Siegfried"]
[Black "Gaertner, Guntram"]
[Result "1/2-1/2"]
[WhiteElo "2251"]
[BlackElo "2368"]
[PlyCount "117"]
[EventDate "2005.10.??"]
[EventType "team"]
[EventRounds "11"]
[EventCountry "AUT"]
[WhiteTeam "Woergl IV"]
[BlackTeam "Hohenems V"]
[WhiteTeamCountry "AUT"]
[BlackTeamCountry "AUT"]

1. e4 c5 2. Nf3 e6 3. d4 cxd4 4. Nxd4 Nf6 5. Bd3 Nc6 6. Nxc6 dxc6 7. O-O e5 8.
Nd2 Bd6 9. Nc4 Bc7 10. a4 Be6 11. Qf3 Nd7 12. Rd1 Qf6 13. Qxf6 Nxf6 14. f3 O-O
15. Be3 Rfd8 16. Bf1 Ne8 17. Bc5 Bxc4 18. Bxc4 Bb6 19. Bf2 Kf8 20. Kf1 Bxf2 21.
Kxf2 Ke7 22. Ke3 Nc7 23. g3 f6 24. f4 Rxd1 25. Rxd1 Rd8 26. Rf1 Rf8 27. h4 Ne8
28. f5 Nd6 29. Be6 h6 30. g4 Rd8 31. c3 Nf7 32. Bb3 Rd6 33. Rg1 Rd8 34. Bc4 Nd6
35. Be2 Nf7 36. b4 Ra8 37. Bc4 a5 38. bxa5 Rxa5 39. Bb3 Ra8 40. Kd3 Rd8+ 41.
Ke3 Ra8 42. Rb1 Rd8 43. a5 Ra8 44. Bxf7 Kxf7 45. Rb2 Ra7 46. Kd3 Ke7 47. Kc4
Kd6 48. Rd2+ Kc7 49. Kb4 Ra8 50. Rg2 b6 51. axb6+ Kxb6 52. g5 Ra1 53. Kc4 Rh1
54. gxf6 gxf6 55. Rg6 Rxh4 56. Kd3 Rh3+ 57. Kd2 Rh2+ 58. Kd3 Rh3+ 59. Kd2
1/2-1/2

[Event "2. Bundesliga West 2005/2006"]
[Site "AUT"]
[Date "2005.10.09"]
[Round "2"]
[White "Novkovic, Milan"]
[Black "Blaskowski, Johannes"]
[Result "0-1"]
[WhiteElo "2402"]
[BlackElo "2366"]
[PlyCount "43"]
[EventDate "2005.10.??"]
[EventType "team"]
[EventRounds "11"]
[EventCountry "AUT"]
[WhiteTeam "Hohenems V"]
[BlackTeam "Woergl IV"]
[WhiteTeamCountry "AUT"]
[BlackTeamCountry "AUT"]

1. d4 Nf6 2. Nf3 b5 3. e3 a6 4. a4 bxa4 5. Bd3 Bb7 6. Rxa4 e6 7. Nbd2 d5 8. Qe2
c5 9. c3 Ne4 10. Ne5 Bd6 11. Qf3 Nf6 12. Qg3 O-O 13. dxc5 Bxe5 14. Qxe5 Nbd7
15. Qd4 e5 16. Qb4 Qe7 17. Ra5 d4 18. O-O Nd5 19. Qa3 dxe3 20. fxe3 Nxe3 21.
Rf3 Bxf3 22. Nxf3 0-1

[Event "2. Bundesliga West 2005/2006"]
[Site "AUT"]
[Date "2005.10.09"]
[Round "2"]
[White "Hager, Franz"]
[Black "Ager, Josef"]
[Result "1/2-1/2"]
[WhiteElo "2234"]
[BlackElo "2246"]
[PlyCount "152"]
[EventDate "2005.10.??"]
[EventType "team"]
[EventRounds "11"]
[EventCountry "AUT"]
[WhiteTeam "Inter Salzburg VIII"]
[BlackTeam "Ranshofen IX"]
[WhiteTeamCountry "AUT"]
[BlackTeamCountry "AUT"]

1. d4 Nf6 2. c4 g6 3. Nc3 Bg7 4. e4 d6 5. Be2 O-O 6. Bg5 Na6 7. Qd2 Qe8 8. h4
e5 9. d5 Nh5 10. Bxh5 gxh5 11. Nge2 f5 12. exf5 Bxf5 13. Ng3 Bg6 14. Nce4 Nc5
15. Nxc5 dxc5 16. O-O Qd7 17. Rae1 Qg4 18. b3 Rae8 19. Re2 e4 20. Rfe1 b6 21.
Nf1 Kh8 22. d6 cxd6 23. Qxd6 Be5 24. Qd5 Kg7 25. Qd2 Kh8 26. Ne3 Qe6 27. Nd5
Qf7 28. Nc3 Bd4 29. Nb5 Be5 30. Nd6 Bxd6 31. Qxd6 Bf5 32. Qg3 Re6 33. Bc1 h6
34. Qc3+ Kh7 35. Bb2 Rg8 36. g3 Qe7 37. Kh2 Reg6 38. Rd2 Bc8 39. Qe3 Rg4 40.
Rd5 Rxh4+ 41. Kg1 Qf7 42. Red1 Rhg4 43. Rd6 Be6 44. Be5 h4 45. Rc6 hxg3 46.
fxg3 Qf5 47. Rc7+ Kg6 48. Bf4 Rc8 49. Rxa7 h5 50. Rd6 Re8 51. Qc3 Qf6 52. Be5
Qf3 53. Qxf3 exf3 54. Kf2 Kf5 55. Bf4 Ke4 56. Rh7 h4 57. Rd1 hxg3+ 58. Bxg3
Reg8 59. Re1+ Kd3 60. Re3+ Kd2 61. Rxf3 Re4 62. Bf4+ Kc2 63. Rh2 Kb1 64. Kf1
Bg4 65. Rff2 Be2+ 66. Rxe2 Rxf4+ 67. Rhf2 Rxf2+ 68. Kxf2 Rh8 69. Kf3 Rf8+ 70.
Kg4 Rf6 71. Kg5 Rf8 72. Kg6 Rf3 73. Re6 Kxa2 74. Rxb6 Rxb3 75. Rc6 Rb4 76. Rxc5
Kb3 1/2-1/2

[Event "2. Bundesliga West 2005/2006"]
[Site "AUT"]
[Date "2005.10.09"]
[Round "2"]
[White "Maierhofer, Johann"]
[Black "Pflug, Matthias"]
[Result "1/2-1/2"]
[WhiteElo "2166"]
[BlackElo "2221"]
[PlyCount "34"]
[EventDate "2005.10.??"]
[EventType "team"]
[EventRounds "11"]
[EventCountry "AUT"]
[WhiteTeam "Ranshofen IX"]
[BlackTeam "Inter Salzburg VIII"]
[WhiteTeamCountry "AUT"]
[BlackTeamCountry "AUT"]

1. e4 c5 2. c4 Nc6 3. Nc3 g6 4. g3 Bg7 5. Bg2 e6 6. Nge2 d6 7. d3 Nge7 8. O-O
O-O 9. a3 Nd4 10. Rb1 b6 11. b4 Bb7 12. Bg5 h6 13. Bf4 Qd7 14. Qd2 Kh7 15. h3
Nxe2+ 16. Nxe2 cxb4 17. Qxb4 Rfd8 1/2-1/2

[Event "2. Bundesliga West 2005/2006"]
[Site "AUT"]
[Date "2005.10.09"]
[Round "2"]
[White "Medvegy, Zoltan"]
[Black "Ivanov, Mikhail M"]
[Result "1/2-1/2"]
[WhiteElo "2478"]
[BlackElo "2457"]
[PlyCount "23"]
[EventDate "2005.10.??"]
[EventType "team"]
[EventRounds "11"]
[EventCountry "AUT"]
[WhiteTeam "Ranshofen IX"]
[BlackTeam "Inter Salzburg VIII"]
[WhiteTeamCountry "AUT"]
[BlackTeamCountry "AUT"]

1. e4 e5 2. Nf3 Nf6 3. Nxe5 d6 4. Nf3 Nxe4 5. Nc3 Nxc3 6. dxc3 Be7 7. Bf4 O-O
8. Qd2 Nd7 9. O-O-O Nc5 10. Be3 c6 11. c4 a5 12. Kb1 1/2-1/2

[Event "2. Bundesliga West 2005/2006"]
[Site "AUT"]
[Date "2005.10.09"]
[Round "2"]
[White "Webersberger, Johann"]
[Black "Lickleder, Andreas"]
[Result "1-0"]
[WhiteElo "2258"]
[BlackElo "2240"]
[PlyCount "101"]
[EventDate "2005.10.??"]
[EventType "team"]
[EventRounds "11"]
[EventCountry "AUT"]
[WhiteTeam "Ranshofen IX"]
[BlackTeam "Inter Salzburg VIII"]
[WhiteTeamCountry "AUT"]
[BlackTeamCountry "AUT"]

1. d4 Nf6 2. Nf3 e6 3. g3 c5 4. Bg2 cxd4 5. Nxd4 a6 6. c4 Be7 7. O-O O-O 8. Nc3
Qc7 9. Qd3 Nc6 10. b3 Nxd4 11. Qxd4 d6 12. Bb2 Bd7 13. Rac1 Rad8 14. Rfd1 b6
15. Qf4 Qc5 16. Ne4 Nxe4 17. Qxe4 Rfe8 18. Qb7 Bc8 19. Qc6 Bf6 20. Bxf6 gxf6
21. Rd3 Kf8 22. Rcd1 Ke7 23. Qf3 Rg8 24. Qf4 Rg5 25. Qd2 a5 26. Qb2 Ba6 27. a3
Qc7 28. f4 Rc5 29. a4 Bb7 30. e4 Bc6 31. Qe2 Qb7 32. Rd5 Bxd5 33. exd5 e5 34.
fxe5 fxe5 35. Qh5 Rf8 36. Bh3 Rc7 37. Rf1 Ke8 38. Rf6 b5 39. Rxd6 Qa7+ 40. Kf1
bxc4 41. Re6+ Kd8 42. Qg5+ Re7 43. Rd6+ Ke8 44. Rc6 f6 45. Qh5+ Rff7 46. d6 f5
47. Rc8+ Kd7 48. Rc7+ Qxc7 49. dxc7 cxb3 50. Qd1+ Kxc7 51. Qxb3 1-0